Score 0/50 Timer 06:00
59 Plays Today
% Correct
Honolulu
91.1%
Austin
90.5%
Atlanta
89.1%
Oklahoma City
88.5%
Phoenix
87.3%
Albany
86.3%
Denver
85.9%
Sacramento
85.7%
Indianapolis
85.5%
Boston
84.7%
Nashville
83.1%
Juneau
83%
Tallahassee
81.5%
Santa Fe
81.2%
Salt Lake City
80.2%
Little Rock
79.8%
Boise
79.7%
Baton Rouge
78.1%
Jackson
74.3%
Columbus
74.2%
Montgomery
74.2%
Providence
73.8%
Olympia
73.7%
Augusta
71.9%
Dover
71%
% Correct
Springfield
70.4%
Des Moines
70.4%
Annapolis
69.8%
Carson City
68.7%
Richmond
68.3%
Hartford
68.3%
Topeka
68%
Lansing
67.8%
Salem
67.5%
Lincoln
66.4%
Helena
66%
Frankfort
65.8%
Cheyenne
65.6%
Raleigh
65.3%
Saint Paul
64%
Harrisburg
63.9%
Trenton
63.6%
Bismarck
63.5%
Madison
63.1%
Montpelier
56.7%
Jefferson City
56.1%
Concord
55.5%
Pierre
55.2%
Charleston
54.1%
Columbia
52.6%
Remove Ads.
Support Sporcle.
Get the best of Sporcle when you Go Orange. This ad-free experience offers more features, more stats, and more fun while also helping to support Sporcle. Thank you for becoming a member.

You're not logged in!

Compare scores with friends on all Sporcle quizzes.
OR
Log In

Show Comments

Extras

Top Quizzes Today


Score Distribution

Your Account Isn't Verified!

In order to create a playlist on Sporcle, you need to verify the email address you used during registration. Go to your Sporcle Settings to finish the process.

Report this User

Report this user for behavior that violates our Community Guidelines.

Details: